Illustrated technical dictionary of metal cutting tools
Gardado en:
| Autor Principal: | |
|---|---|
| Formato: | Libro |
| Idioma: | Undetermined |
| Publicado: |
Germany
Carl Hanser Verlag Munchen
1964
|
| Những chủ đề: | |
| Các nhãn: |
Engadir etiqueta
Sen Etiquetas, Sexa o primeiro en etiquetar este rexistro!
|
| Thư viện lưu trữ: | Trung tâm Học liệu Trường Đại học Cần Thơ |
|---|
| LEADER | 00549nam a2200181Ia 4500 | ||
|---|---|---|---|
| 001 | CTU_76683 | ||
| 008 | 210402s9999 xx 000 0 und d | ||
| 082 | |a 681.7671 | ||
| 082 | |b H466 | ||
| 100 | |a Heller, Toni | ||
| 245 | 0 | |a Illustrated technical dictionary of metal cutting tools | |
| 245 | 0 | |c Toni Heller | |
| 260 | |a Germany | ||
| 260 | |b Carl Hanser Verlag Munchen | ||
| 260 | |c 1964 | ||
| 650 | |a Metal manufacturing equipment,Manufacturing technology | ||
| 904 | |i Mai Loan,Hải | ||
| 980 | |a Trung tâm Học liệu Trường Đại học Cần Thơ | ||